000 00362cam a22001337a 4500
008 180718b1919 xxu||||| |||| 00| 0 eng d
082 _aF1 M147
100 _aMcDougall, William
245 _aAn Introduction to social psychology
_cby William McDougall
250 _a14th ed.
260 _aLondon
_bMethuen
_c1919
300 _a459p.
650 _aSocial Psychology
999 _c372829
_d372829